| 000 | 00676nam a22002777a 4500 | ||
|---|---|---|---|
| 005 | 20240306194157.0 | ||
| 008 | 150626b xxu||||| |||| 00| 0 spa d | ||
| 020 | _a9788415330547 | ||
| 041 | _aESP | ||
| 082 | _a658.8 M337e | ||
| 100 |
_aMarín, Quico _926704 |
||
| 245 | _aElaboración del plan de marketing: aplicación en Excel | ||
| 260 | _aEspaña | ||
| 260 | _bProfit | ||
| 260 | _c2011 | ||
| 300 | _a94 páginas | ||
| 505 | _aContiene disco compacto N° 10 | ||
| 650 | _aMERCADOTECNIA | ||
| 650 | _aPLAN DE MERCADEO | ||
| 650 | _aMARKETING ESTRATÉGICO | ||
| 650 | _aHOTELES | ||
| 942 |
_cBK _2ddc |
||
| 999 |
_c3125 _d3125 |
||